[Event "Napoli Autunno Vomero op-A"]
[Site "Napoli"]
[Date "2016.09.29"]
[Round "4"]
[White "Sparice, Lorenzo"]
[Black "Fortuna, Armando"]
[Result "0-1"]
[WhiteElo "1431"]
[BlackElo "1657"]
[PlyCount "62"]
[EventDate "2016.09.08"]
[EventType "swiss"]
[EventRounds "7"]
[EventCountry "ITA"]
[SourceTitle "EXT 2018"]
[Source "ChessBase"]
[SourceDate "2017.10.13"]
[SourceVersion "1"]
[SourceVersionDate "2017.10.13"]
[SourceQuality "1"]

1. d4 Nf6 2. Nf3 e6 3. e3 c5 4. c3 d5 5. dxc5 Bxc5 6. b4 Bd6 7. Nbd2 Qc7 8. Bb2 0-0 9. a3 Nc6 10. Bb5 Bd7 11. Bxc6 Bxc6 12. 0-0 a5 13. c4 axb4 14. cxd5 Bxd5 15. axb4 Bxb4 16. Bxf6 gxf6 17. Rxa8 Rxa8 18. Nd4 Kh8 19. N2f3 Rg8 20. Nh4 Bd6 21. g3 Qe7 22. Qb1 f5 23. Ndf3 Qf6 24. Qa1 e5 25. Rd1 Bc6 26. Qc3 Bc7 27. Rc1 f4 28. Ng2 fxg3 29. Nge1 gxh2+ 30. Kxh2 Bxf3 31. Nxf3 Qxf3 0-1

[Event "Napoli Giglio Memorial"]
[Site "Napoli"]
[Date "2015.09.17"]
[Round "2"]
[White "Bellame, Andrea"]
[Black "Sparice, Lorenzo"]
[Result "0-1"]
[WhiteElo "1347"]
[BlackElo "1465"]
[PlyCount "120"]
[EventDate "2015.09.10"]
[EventType "swiss"]
[EventRounds "4"]
[EventCountry "ITA"]
[SourceTitle "EXT 2024"]
[Source "ChessBase"]
[SourceDate "2023.10.10"]
[SourceVersion "1"]
[SourceVersionDate "2023.10.10"]
[SourceQuality "1"]

1. e4 c5 2. Nf3 e6 3. Bc4 b6 4. d3 Bb7 5. 0-0 a6 6. a3 Be7 7. Nc3 d6 8. d4 cxd4 9. Qxd4 Nf6 10. Bg5 0-0 11. Bxf6 Bxf6 12. Qd3 Bxc3 13. bxc3 b5 14. Bb3 Nc6 15. e5 Nxe5 16. Nxe5 dxe5 17. Qxd8 Raxd8 18. Rad1 Bd5 19. Rfe1 f6 20. h3 Rc8 21. Bxd5 exd5 22. Rxd5 Rxc3 23. Re4 Rxa3 24. Rd7 Ra4 25. Rg4 Rxg4 26. hxg4 Ra8 27. Rd5 b4 28. f3 a5 29. Rb5 Kf7 30. Kf2 Rc8 31. Rb7+ Kg6 32. Rb5 Rxc2+ 33. Kg3 Ra2 34. f4 Ra3+ 35. Kh4 exf4 36. Rf5 b3 37. Rb5 a4 38. g5 Ra1 39. Kg4 Ra2 40. Kxf4 Rxg2 41. gxf6 gxf6 42. Kf3 Rg5 43. Rb4 h5 44. Rxa4 Rb5 45. Ra1 b2 46. Rg1+ Kh6 47. Rb1 h4 48. Kg4 Rb4+ 49. Kh3 Kh5 50. Kh2 f5 51. Kh3 f4 52. Rd1 Rb3+ 53. Kh2 b1Q 54. Rxb1 Rxb1 55. Kg2 Rb3 56. Kf2 Rg3 57. Kf1 h3 58. Kf2 h2 59. Ke2 h1Q 60. Kd2 Qh2+ 0-1

[Event "Napoli Greco Memorial"]
[Site "Napoli"]
[Date "2015.04.16"]
[Round "2"]
[White "Sparice, Lorenzo"]
[Black "Condorelli, Pietro"]
[Result "0-1"]
[WhiteElo "1472"]
[BlackElo "1677"]
[PlyCount "112"]
[EventDate "2015.04.09"]
[EventType "swiss"]
[EventRounds "6"]
[EventCountry "ITA"]
[SourceTitle "EXT 2017"]
[Source "ChessBase"]
[SourceDate "2016.10.25"]
[SourceVersion "1"]
[SourceVersionDate "2016.10.25"]
[SourceQuality "1"]

1. Nf3 c5 2. e3 a6 3. d4 cxd4 4. exd4 e6 5. Bd3 Nf6 6. 0-0 Be7 7. b3 b5 8. a3 Bb7 9. Nbd2 Qc7 10. Bb2 0-0 11. Rc1 Nc6 12. Qe2 b4 13. a4 d6 14. h3 Nd5 15. Ne4 h6 16. Qd2 f5 17. Ng3 Bf6 18. Bc4 Na5 19. Bxd5 Bxd5 20. Qxb4 Bxf3 21. gxf3 Rab8 22. Qe1 Rfe8 23. Bc3 Nc6 24. Qd2 d5 25. Qd3 Bh4 26. Kg2 Ne7 27. Bd2 f4 28. Ne2 Bg5 29. h4 Bxh4 30. Bxf4 Qd7 31. Bxb8 Rxb8 32. Qxa6 Nf5 33. Rcd1 Qf7 34. Nf4 Ne3+ 35. fxe3 Re8 36. Qd3 e5 37. Ng6 e4 38. Ne5 Rxe5 39. dxe5 exd3 40. f4 dxc2 41. Rc1 Qg6+ 42. Kh1 Qe4+ 43. Kh2 Qxe3 44. Rg1 Qxf4+ 45. Kh1 Qe4+ 46. Rg2 Qxe5 47. Rcxc2 Bg5 48. Rcf2 Bf4 49. a5 Qh5+ 50. Kg1 Be3 51. Rg3 Qd1+ 52. Kg2 Bxf2 53. Kxf2 Qd2+ 54. Kf3 Qxa5 55. Kg4 Qb4+ 56. Kh3 d4 0-1

[Event "Napoli Greco Memorial"]
[Site "Napoli"]
[Date "2015.04.09"]
[Round "1"]
[White "Solombrino, Giovanni"]
[Black "Sparice, Lorenzo"]
[Result "1-0"]
[WhiteElo "1819"]
[BlackElo "1472"]
[PlyCount "69"]
[EventDate "2015.04.09"]
[EventType "swiss"]
[EventRounds "6"]
[EventCountry "ITA"]
[SourceTitle "EXT 2017"]
[Source "ChessBase"]
[SourceDate "2016.10.25"]
[SourceVersion "1"]
[SourceVersionDate "2016.10.25"]
[SourceQuality "1"]

1. e4 c5 2. Nf3 e6 3. d4 cxd4 4. Nxd4 a6 5. Bd3 b6 6. 0-0 Bb7 7. Nc3 Be7 8. f4 Nc6 9. Be3 Nxd4 10. Bxd4 Bc5 11. Bxc5 bxc5 12. Kh1 Nf6 13. e5 Nd5 14. Ne4 0-0 15. Rf3 Qc7 16. c4 Ne7 17. Rg3 Bxe4 18. Bxe4 Nf5 19. Bxf5 exf5 20. Qd3 f6 21. exf6 g6 22. Rf3 Rxf6 23. Qd5+ Kg7 24. Qxa8 Qd6 25. Qd5 Qe7 26. Rd1 Re6 27. Rff1 d6 28. Qd2 Qb7 29. Rfe1 Qe7 30. Rxe6 Qxe6 31. Qxd6 Qxc4 32. Qe7+ Kh6 33. Qg5+ Kg7 34. Rd7+ Qf7 35. Rxf7+ 1-0

[Event "Napoli Parthenope op 6th"]
[Site "Napoli"]
[Date "2014.06.26"]
[Round "7"]
[White "Sparice, Lorenzo"]
[Black "Solombrino, Giovanni"]
[Result "0-1"]
[WhiteElo "1473"]
[BlackElo "1859"]
[PlyCount "58"]
[EventDate "2014.06.01"]
[EventType "swiss"]
[EventRounds "7"]
[EventCountry "ITA"]
[SourceTitle "EXT 2018"]
[Source "ChessBase"]
[SourceDate "2017.10.13"]
[SourceVersion "1"]
[SourceVersionDate "2017.10.13"]
[SourceQuality "1"]

1. Nf3 Nf6 2. c4 c5 3. Nc3 Nc6 4. e3 d5 5. d4 cxd4 6. Nxd4 g6 7. Nxd5 Nxd5 8. Nxc6 bxc6 9. cxd5 Qxd5 10. Qxd5 cxd5 11. Bb5+ Bd7 12. Bxd7+ Kxd7 13. 0-0 e5 14. Rb1 Rc8 15. a3 Bg7 16. b4 Rc2 17. Rd1 Ke6 18. Rd2 Rhc8 19. Rxc2 Rxc2 20. b5 d4 21. b6 axb6 22. Rxb6+ Kd5 23. Rb1 d3 24. a4 d2 25. Bxd2 Rxd2 26. g3 Ke4 27. Rb7 f5 28. Rxg7 Kf3 29. Rxh7 Rd1# 0-1

[Event "Napoli Parthenope op 6th"]
[Site "Napoli"]
[Date "2014.06.19"]
[Round "6"]
[White "Sparice, Lorenzo"]
[Black "Freda, Guido"]
[Result "0-1"]
[WhiteElo "1473"]
[BlackElo "1570"]
[PlyCount "80"]
[EventDate "2014.06.01"]
[EventType "swiss"]
[EventRounds "7"]
[EventCountry "ITA"]
[SourceTitle "EXT 2018"]
[Source "ChessBase"]
[SourceDate "2017.10.13"]
[SourceVersion "1"]
[SourceVersionDate "2017.10.13"]
[SourceQuality "1"]

1. Nf3 d5 2. c4 dxc4 3. e3 Bg4 4. Qa4+ Nc6 5. Ne5 Bd7 6. Nxc6 Bxc6 7. Qxc4 e6 8. Nc3 Nf6 9. e4 e5 10. Be2 Be7 11. d3 h6 12. Be3 0-0 13. Bc5 a6 14. Bxe7 Qxe7 15. Qb3 Rad8 16. Qc2 Rd4 17. 0-0 Rfd8 18. Rad1 b5 19. Bf3 Bb7 20. Ne2 R4d7 21. Rd2 c5 22. Rfd1 Rc7 23. Ng3 Qe6 24. Be2 Qxa2 25. Nh5 Qe6 26. Nxf6+ Qxf6 27. b4 Qe7 28. bxc5 Rxc5 29. Qb2 Rd4 30. f4 Kh8 31. fxe5 Qxe5 32. Rf1 f6 33. Rf5 Qd6 34. Qa3 b4 35. Qb2 Rxf5 36. exf5 a5 37. Qa1 Qe5 38. Bg4 Rxg4 39. d4 Qe3+ 40. Rf2 Rxg2+ 0-1

[Event "Napoli Sociale-ch"]
[Site "Napoli"]
[Date "2012.05.31"]
[Round "1"]
[White "Sparice, Lorenzo"]
[Black "Tesone, Crescenzo"]
[Result "0-1"]
[WhiteElo "1489"]
[BlackElo "1841"]
[PlyCount "62"]
[EventDate "2012.05.31"]
[EventType "swiss"]
[EventRounds "7"]
[EventCountry "ITA"]
[SourceTitle "EXT 2018"]
[Source "ChessBase"]
[SourceDate "2017.10.13"]
[SourceVersion "1"]
[SourceVersionDate "2017.10.13"]
[SourceQuality "1"]

1. c4 Nf6 2. Nf3 e6 3. a3 c5 4. Nc3 Nc6 5. d4 cxd4 6. Nxd4 a6 7. e4 d6 8. h3 Be7 9. Be2 Qc7 10. 0-0 b6 11. b3 Bb7 12. Bf3 Ne5 13. Re1 0-0 14. Bf4 Rfd8 15. Qb1 d5 16. exd5 Nxf3+ 17. Nxf3 Qxf4 18. dxe6 Bxf3 19. exf7+ Kxf7 20. gxf3 Bc5 21. Ne4 Bd4 22. Ra2 Re8 23. Nxf6 Bxf6 24. Rxe8 Rxe8 25. Qd1 Rd8 26. Qe2 Be5 27. Kf1 Rd6 28. Qe4 Qc1+ 29. Ke2 Qd1+ 30. Ke3 Qe1+ 31. Re2 Qc3+ 0-1

[Event "Napoli Porreca Cup 1st"]
[Site "Napoli"]
[Date "2011.11.10"]
[Round "7"]
[White "Sparice, Lorenzo"]
[Black "Petteruti, Antonio"]
[Result "0-1"]
[WhiteElo "1374"]
[BlackElo "1721"]
[PlyCount "120"]
[EventDate "2011.09.22"]
[EventType "swiss"]
[EventRounds "7"]
[EventCountry "ITA"]
[SourceTitle "EXT 2018"]
[Source "ChessBase"]
[SourceDate "2017.10.13"]
[SourceVersion "1"]
[SourceVersionDate "2017.10.13"]
[SourceQuality "1"]

1. e4 e6 2. d4 d5 3. e5 Ne7 4. Nf3 Nf5 5. c3 c5 6. Bg5 Be7 7. Bxe7 Qxe7 8. Na3 a6 9. Bd3 Nh6 10. Nc2 c4 11. Be2 Bd7 12. Ne3 Nc6 13. b3 b5 14. 0-0 0-0 15. Nc2 Nf5 16. b4 a5 17. Qd2 axb4 18. Nxb4 Nxb4 19. cxb4 Ra4 20. a3 Rfa8 21. Qc3 Nh4 22. Bd1 R4a6 23. h3 Ng6 24. Re1 Nf4 25. Bc2 g6 26. g3 Nxh3+ 27. Kg2 Ng5 28. Rh1 Ne4 29. Qe3 f5 30. exf6 Nxf6 31. Ne5 Qg7 32. f3 Be8 33. Kf2 Nd7 34. Ng4 Bf7 35. f4 h5 36. Ne5 Nxe5 37. fxe5 Kf8 38. Ke2 Ke8 39. Kd2 Kd7 40. Kc1 g5 41. Qf3 g4 42. Qe3 Bg6 43. Bd1 Qf7 44. Rh2 Bd3 45. Kb2 Qg6 46. Qd2 Rf8 47. Be2 Bxe2 48. Qxe2 Rf3 49. Qc2 Rb3+ 50. Kc1 Qh6+ 51. Rd2 Rbxa3 52. Rxa3 Rxa3 53. Kb1 Rb3+ 54. Ka2 Rxb4 55. Rf2 Ra4+ 56. Kb1 Ke7 57. Rf6 Qg7 58. Qg6 Qxg6+ 59. Rxg6 Ra3 60. Rh6 Rxg3 0-1

[Event "Napoli Estate al Vomero op 5th"]
[Site "Napoli"]
[Date "2011.06.09"]
[Round "5"]
[White "De Rosa, Francesco"]
[Black "Sparice, Lorenzo"]
[Result "1-0"]
[WhiteElo "1962"]
[BlackElo "1374"]
[PlyCount "77"]
[EventDate "2011.05.08"]
[EventType "swiss"]
[EventRounds "7"]
[EventCountry "ITA"]
[SourceTitle "EXT 2018"]
[Source "ChessBase"]
[SourceDate "2017.10.13"]
[SourceVersion "1"]
[SourceVersionDate "2017.10.13"]
[SourceQuality "1"]

1. e4 c5 2. Nf3 Nf6 3. Nc3 e6 4. d4 cxd4 5. Nxd4 Nc6 6. g3 e5 7. Ndb5 d6 8. Bg5 a6 9. Na3 Be7 10. Nc4 Nd4 11. Ne3 h6 12. Bxf6 Bxf6 13. Bg2 g6 14. a4 Bd7 15. Ncd5 b5 16. c3 Ne6 17. Nxf6+ Qxf6 18. Qxd6 Qe7 19. Qxe5 f6 20. Qd5 Nc7 21. Qd3 bxa4 22. 0-0 Kf7 23. Nd5 Nxd5 24. exd5 Qd6 25. Rad1 Rab8 26. Rd2 Rhe8 27. Qd4 Re5 28. c4 Rb4 29. Rc1 Qb8 30. f4 Rh5 31. Bf3 Rh3 32. Re2 Qb6 33. Qxb6 Rxb6 34. Rce1 Rb8 35. Re7+ Kf8 36. Rxd7 Re8 37. Rxe8+ Kxe8 38. Rb7 h5 39. Kg2 1-0

[Event "Napoli Estate al Vomero op 5th"]
[Site "Napoli"]
[Date "2011.05.26"]
[Round "4"]
[White "Sparice, Lorenzo"]
[Black "Spagnolo, Alessandro"]
[Result "0-1"]
[WhiteElo "1374"]
[BlackElo "1440"]
[PlyCount "60"]
[EventDate "2011.05.08"]
[EventType "swiss"]
[EventRounds "7"]
[EventCountry "ITA"]
[SourceTitle "EXT 2018"]
[Source "ChessBase"]
[SourceDate "2017.10.13"]
[SourceVersion "1"]
[SourceVersionDate "2017.10.13"]
[SourceQuality "1"]

1. d4 Nf6 2. c4 d5 3. Nf3 dxc4 4. e3 b5 5. a4 c6 6. b3 e6 7. axb5 Bb4+ 8. Bd2 Bxd2+ 9. Nfxd2 cxb5 10. bxc4 bxc4 11. Bxc4 Bb7 12. 0-0 0-0 13. Nf3 Qc7 14. Bd3 Nbd7 15. Nbd2 e5 16. e4 exd4 17. Nxd4 Nc5 18. Nb5 Qe7 19. h3 Nxd3 20. Qb3 Rfd8 21. Nxa7 Nc5 22. Qc2 Bxe4 23. Nxe4 Ncxe4 24. Nc6 Qc7 25. Rxa8 Rxa8 26. Rc1 h6 27. f3 Qb6+ 28. Kh1 Qf2 29. Qd1 Ra2 30. Ne7+ Kh7 0-1

[Event "Napoli Vomero Septembre 7th"]
[Site "Napoli"]
[Date "2010.10.15"]
[Round "6"]
[White "Sparice, Lorenzo"]
[Black "Angelotti, Mario"]
[Result "0-1"]
[WhiteElo "1386"]
[BlackElo "1845"]
[PlyCount "66"]
[EventDate "2010.09.10"]
[EventType "swiss"]
[EventRounds "7"]
[EventCountry "ITA"]
[SourceTitle "EXT 2024"]
[Source "ChessBase"]
[SourceDate "2023.10.10"]
[SourceVersion "1"]
[SourceVersionDate "2023.10.10"]
[SourceQuality "1"]

1. d4 Nf6 2. Nf3 g6 3. c4 d5 4. Nc3 Bg7 5. e3 0-0 6. h3 Re8 7. b3 c5 8. cxd5 Nxd5 9. Bb2 Nc6 10. Nxd5 Qxd5 11. a3 Bf5 12. Ra2 Na5 13. Nd2 cxd4 14. exd4 Bxd4 15. Bxd4 Qxd4 16. Nf3 Qc3+ 17. Qd2 Qxb3 18. Nd4 Qb1+ 19. Ke2 Red8 20. Rb2 Qe4+ 21. Qe3 Rxd4 22. Qxe4 Rxe4+ 23. Kd1 Rd8+ 24. Rd2 Red4 25. Rxd4 Rxd4+ 26. Ke1 Ra4 27. f3 Rxa3 28. Be2 Ra1+ 29. Bd1 Bc2 30. Kd2 Rxd1+ 31. Rxd1 Bxd1 32. Kxd1 f5 33. Kc2 Kf7 0-1

[Event "Napoli Vomero Summer op 4th"]
[Site "Napoli"]
[Date "2010.05.13"]
[Round "2"]
[White "Rosato, Luciano"]
[Black "Sparice, Lorenzo"]
[Result "1-0"]
[WhiteElo "2255"]
[BlackElo "1419"]
[PlyCount "54"]
[EventDate "2010.05.06"]
[EventType "swiss"]
[EventRounds "7"]
[EventCountry "ITA"]
[SourceTitle "EXT 2024"]
[Source "ChessBase"]
[SourceDate "2023.10.10"]
[SourceVersion "1"]
[SourceVersionDate "2023.10.10"]
[SourceQuality "1"]

1. d4 Nf6 2. c4 g6 3. Nc3 d5 4. cxd5 Bg7 5. e4 0-0 6. Nf3 a6 7. Bg5 Nbd7 8. Be2 b5 9. a3 Nb6 10. 0-0 Nfd7 11. Rc1 f6 12. Bf4 Nc4 13. b3 Nd6 14. Qd2 Bb7 15. e5 fxe5 16. dxe5 Nf5 17. g4 Nh4 18. Nxh4 Bxe5 19. Bh6 Bg7 20. Bxg7 Kxg7 21. Qd4+ Kg8 22. f4 e5 23. dxe6 Qxh4 24. exd7 Qh3 25. Nd5 Qh4 26. Rxc7 Bxd5 27. Qxd5+ Kg7 1-0